Dance Moms Season 2 Group Dances - Statistics

General Stats
  • This quiz has been taken 327 times
    326 since last reset
  • The average score is 7 of 23
Answer Stats
Episode Dance % Correct
26 The Last Text
76%
1 Sassy Dolls
57%
2 Bad Apples
54%
3 Born to Dance
38%
5 Avalanche
37%
13 Hurt Them First
35%
14 I Want it Now
32%
7 Private Eyes
32%
4 What Comes Around
32%
15 Glam
31%
10 Reputation
30%
9 Fantastic
26%
11 Nip and Tuck
26%
16 Silver Spoons
26%
24 I See the Kite Flying
25%
23 Light My Fire
24%
22 Taken
23%
17 The Huntress
23%
20 Twilight
23%
25 First Class
16%
8 Head Over Heals
13%
21 Allouette
7%
19 All the Kids Go
1%
No matching quizzes found
Score Distribution
Percent of People with Each Score
Percentile by Number Answered
Your Score History
You have not taken this quiz since the last reset